Normal view
MARC view
Entry Geographic Name
001 - CONTROL NUMBER
- control field: 52464
003 - CONTROL NUMBER IDENTIFIER
- control field: ARRUPE
005 - DATE AND TIME OF LATEST TRANSACTION
- control field: 20240216095530.0
008 - FIXED-LENGTH DATA ELEMENTS
- fixed length control field: 240216|| aca||aabn | a|a d
040 ## - CATALOGING SOURCE
- Original cataloging agency: ARRUPE
- Transcribing agency: ARRUPE
151 ## - HEADING--GEOGRAPHIC NAME
- Geographic name: Lebanon
- General subdivision: History
- Chronological subdivision: Israeli intervention, 1982-1985
- General subdivision: Atrocities
670 ## - SOURCE DATA FOUND
- Source citation: Work cat.: (ARRUPE)131805: Aharoni, Dov. 52453, General Sharon's war against Time magazine :, 1985.